000
00345pab a2200157 454500
008
180718b2008 xxu||||| |||| 00| 0 eng d
100
_a
Muthamma, C.B.
245
_a
A question of leadership
260
_c
2008
300
_a
p.3-4.
362
_a
12 Jul
650
_a
Nuclear weapons
773
_a
Mainstream
908
_a
N
909
_a
78710
999
_c
78710
_d
78710